000 00765nam a2200229 i 4500
001 91659
003 ES-MaACL
005 20230906180758.0
007 t|
008 050204s2003 sp ||||1| spa d
080 _a792.8(84)
080 _a929 Torrico, Martha
080 _a929 Quintana, Norma
100 1 _aRivera de Stahlie, Mª Teresa.
_997646
245 1 3 _aEl ballet en Bolivia
_b: relatos de dos primeras bailarinas: Martha Torrico, Norma Quintana /
_cMª Teresa Rivera de Stahlie.
260 _aMadrid :
_bEditorial Música Mundana Maqueda,
_c[2003]
300 _a334 p. :
_bil. ;
_c24 cm.
600 1 4 _aTorrico, Martha.
_9111039
600 1 4 _aQuintana, Norma.
_994676
650 1 4 _aBallet-
_zBolivia.
_910480
852 _aES-MaACL
_jL-28783
_bR.135266
999 _c91659
_d91659